[Event "Enniscrone Sligo-ch"]
[Site "Enniscrone"]
[Date "2024.02.03"]
[Round "2"]
[White "Mazzamuto, Salvatore Lorenzo"]
[Black "Krys, Dmytro"]
[Result "1-0"]
[WhiteElo "1628"]
[BlackElo "1541"]
[PlyCount "53"]
[EventDate "2024.02.02"]
[EventType "swiss"]
[EventRounds "5"]
[EventCountry "IRL"]
[SourceTitle "CB08_2024"]
[SourceDate "2024.02.21"]
[SourceVersion "1"]
[SourceVersionDate "2024.02.21"]
[SourceQuality "1"]

1. e4 e5 2. Nf3 Nc6 3. d4 d6 4. d5 Nb8 5. h3 Nf6 6. Bd3 Be7 7. c4 Nbd7 8. a3 Nc5 9. Nc3 a5 10. Be3 Nxd3+ 11. Qxd3 Bd7 12. c5 0-0 13. b3 Re8 14. 0-0 dxc5 15. Nxe5 Bd6 16. Nxd7 Qxd7 17. f4 Rad8 18. e5 Bxe5 19. fxe5 Rxe5 20. Bf4 Ree8 21. Rad1 b6 22. Bg5 Re6 23. dxe6 Qxd3 24. Rxd3 Rxd3 25. Bxf6 gxf6 26. e7 Re3 27. Nd5 1-0